|
|
|
|
| LEADER |
01171nam a22002897a 4500 |
| 001 |
43548 |
| 003 |
BD-DhAAL |
| 005 |
20241102204232.0 |
| 008 |
241102t20071999enka|||| |||| 00| 0 eng d |
| 020 |
|
|
|a 9780340849668
|
| 020 |
|
|
|a 0340849665
|
| 040 |
|
|
|a BD-DhAAL
|d BD-DhAAL
|
| 082 |
|
|
|a 658.5
|2 22
|
| 100 |
|
|
|a Naughton, Sean.
|9 57112
|
| 245 |
|
|
|a Operations management in a week /
|c Sean Naughton.
|
| 260 |
|
|
|a London :
|b Hodder & Stoughton,
|c 1999 [Tenth impression 2007].
|
| 300 |
|
|
|a 95 pages :
|b illustrations ;
|c 20 cm.
|
| 490 |
|
|
|a In a week
|
| 500 |
|
|
|a Originally published as: Understanding operations management in a week. 2001
At head of cover: Chartered Management Institute
|
| 541 |
|
|
|a Savar campus library
|e 43548
|
| 650 |
|
|
|a Production management.
|
| 650 |
|
|
|a Total quality management.
|
| 710 |
|
|
|a Chartered Management Institute (Great Britain)
|
| 830 |
|
|
|a In a week
|9 56963
|
| 942 |
|
|
|2 ddc
|c BK
|
| 999 |
|
|
|c 47087
|d 47087
|
| 952 |
|
|
|0 0
|1 0
|2 ddc
|4 0
|6 658_500000000000000_NAU
|7 0
|9 76865
|a SCL
|b SCL
|c GEN
|d 2024-11-02
|e Savar Campus Library
|g 185.00
|l 0
|o 658.5 NAU
|p 3020043548
|r 2024-11-02
|t 1
|w 2024-11-02
|y BK
|x Price available in register. Savar Campus Library.
|